Steppin' out : (Record no. 18123)

MARC details
000 -LEADER
fixed length control field 01514cam a2200349 a 4500
001 - CONTROL NUMBER
control field 3785789
003 - CONTROL NUMBER IDENTIFIER
control field MUT
005 - DATE AND TIME OF LATEST TRANSACTION
control field 20240606081431.0
008 - FIXED-LENGTH DATA ELEMENTS--GENERAL INFORMATION
fixed length control field 840502t19841981ilua b 001 0 eng
010 ## - LIBRARY OF CONGRESS CONTROL NUMBER
LC control number 84002770
020 ## - INTERNATIONAL STANDARD BOOK NUMBER
International Standard Book Number 0226215156 (pbk.) :
Terms of availability MUT
040 ## - CATALOGING SOURCE
Original cataloging agency DLC
Transcribing agency MUT
Modifying agency DLC
-- OCoLC
-- DLC
043 ## - GEOGRAPHIC AREA CODE
Geographic area code n-us-ny
050 00 - LIBRARY OF CONGRESS CALL NUMBER
Classification number F128.5
Item number .E65 1984
082 00 - DEWEY DECIMAL CLASSIFICATION NUMBER
Classification number 974.7/1041
Edition information 19
100 1# - MAIN ENTRY--PERSONAL NAME
Personal name Erenberg, Lewis A.,
Dates associated with a name 1944-
245 10 - TITLE STATEMENT
Title Steppin' out :
Remainder of title New York nightlife and the transformation of American culture, 1890-1930 /
260 ## - PUBLICATION, DISTRIBUTION, ETC.
Place of publication, distribution, etc. Chicago :
Name of publisher, distributor, etc. University of Chicago Press,
Date of publication, distribution, etc. 1984, c1981.
300 ## - PHYSICAL DESCRIPTION
Extent xix, 291 p. :
Other physical details 18 ill. ;
Dimensions 23 cm.
500 ## - GENERAL NOTE
General note Includes indexes.
504 ## - BIBLIOGRAPHY, ETC. NOTE
Bibliography, etc. note Bibliographical essay": p. [265]-273.
650 #0 - SUBJECT ADDED ENTRY--TOPICAL TERM
Topical term or geographic name entry element Popular culture
Geographic subdivision New York (State)
-- New York.
650 #0 - SUBJECT ADDED ENTRY--TOPICAL TERM
Topical term or geographic name entry element Music-halls (Variety-theaters, cabarets, etc.)
Geographic subdivision New York (State)
-- New York.
650 #0 - SUBJECT ADDED ENTRY--TOPICAL TERM
Topical term or geographic name entry element Restaurants
Geographic subdivision New York (State)
-- New York
General subdivision History.
651 #0 - SUBJECT ADDED ENTRY--GEOGRAPHIC NAME
Geographic name New York (N.Y.)
General subdivision Social life and customs
Chronological subdivision 20th century.
651 #0 - SUBJECT ADDED ENTRY--GEOGRAPHIC NAME
Geographic name New York (N.Y.)
General subdivision Social life and customs
Chronological subdivision 19th century.
856 42 - ELECTRONIC LOCATION AND ACCESS
Materials specified Publisher description
Uniform Resource Identifier <a href="http://www.loc.gov/catdir/enhancements/fy0608/84002770-d.html">http://www.loc.gov/catdir/enhancements/fy0608/84002770-d.html</a>
856 41 - ELECTRONIC LOCATION AND ACCESS
Materials specified Table of contents only
Uniform Resource Identifier <a href="http://www.loc.gov/catdir/enhancements/fy0608/84002770-t.html">http://www.loc.gov/catdir/enhancements/fy0608/84002770-t.html</a>
856 42 - ELECTRONIC LOCATION AND ACCESS
Materials specified Contributor biographical information
Uniform Resource Identifier <a href="http://www.loc.gov/catdir/enhancements/fy0609/84002770-b.html">http://www.loc.gov/catdir/enhancements/fy0609/84002770-b.html</a>
906 ## - LOCAL DATA ELEMENT F, LDF (RLIN)
a 7
b cbc
c orignew
d 1
e ocip
f 19
g y-gencatlg
942 ## - ADDED ENTRY ELEMENTS (KOHA)
Source of classification or shelving scheme Library of Congress Classification
Koha item type Books
Holdings
Withdrawn status Lost status Source of classification or shelving scheme Damaged status Not for loan Home library Current library Shelving location Date acquired Source of acquisition Total checkouts Full call number Barcode Date last seen Price effective from Koha item type
    Library of Congress Classification     Murang'a University of Technology Library Murang'a University of Technology Library General stacks 23/10/2018 Donation-TFC   F 128.5 .E65 1984 023900 23/10/2018 23/10/2018 Books